000 00439cam a2200181 4500
001 D3732
008 090401t1973 xxu||||| |||| 00| 0 eng d
035 _a(Sirsi) u74620
041 _aeng
110 _aFIABCI
245 _aRoster of members 1973-1974; International Real Estate Federation
260 _aParis
_bFIABCI
_c1973
300 _a354p
350 _a0
520 _aAt Archives 1973/42A
942 _n0
948 _c04/03/1997
999 _c95897
_d95897